| 000 | 00649 a2200241 4500 | ||
|---|---|---|---|
| 001 | 200158690 | ||
| 999 |
_c200158690 _d41596 |
||
| 003 | TR-AnTOB | ||
| 005 | 20231218145047.0 | ||
| 008 | 161010s tu 000 0 | ||
| 020 | _a8493450669 | ||
| 040 | _aTR-AnTOB | ||
| 041 | _aeng | ||
| 060 | 1 |
_aWC 536 _bH42 2005 |
|
| 096 | _aWC536 H42 2005 | ||
| 245 | 1 | 0 |
_aHepatis B / _cEditors Maria Buti ; Rafael Esteban. |
| 264 | 1 |
_aBarcelona : _bPermanyer Publications, _c2005. |
|
| 300 |
_a148 p. ; _c24 cm. |
||
| 650 | 2 |
_aHepatitis, Viral, Human _995676 |
|
| 700 | 1 |
_aEsteban, Rafael _eeditor. _995674 |
|
| 700 | 1 |
_aButi, Maria _995675 |
|
| 942 | _cBK | ||